000 00546cam a2200205ua 4500
001 1283
005 20260515113317.0
008 110629n ii |||gr||||Z||||||eng
020 _a0-7069-2856-3
040 _cMAIN
082 _a330.954
100 _aAgarwal, A N.,
245 1 _aIndian economy. :
_bproblems of developement and planning. /
_cBy A N Agarwal.
250 _a11th.
260 _aNew Delhi.:
_bVani educational books.,985.
300 _axii, 682 p.:
_c25 cm.
653 _aEconomics.
653 _aIndian economy.
942 _cBK
999 _c1184
_d1184